| 000 | 00817nam a2200253 c 4500 | ||
|---|---|---|---|
| 003 | BLK | ||
| 005 | 20190913121222.0 | ||
| 008 | 180911b bul|||||r ||||||| ||bul|| | ||
| 010 | _a002908 | ||
| 040 | _aBLK | ||
| 041 | _aENG | ||
| 080 | _z949.72314(497.2:495) | ||
| 100 | 1 |
_a _eпърви автор |
|
| 245 | 1 | 0 |
_aThe BULGARIANS in the Plain of Serres _nI |
| 246 |
_aResearches and Documents. Book I. _bBULGARIANS |
||
| 260 |
_aPhilipopolis _c1918 _fChristo G. Danoff |
||
| 300 |
_aXIV, 70 с., 6 л. : факс _c31 см |
||
| 380 | _a9 | ||
| 490 | _aSouth-Eastern Makedonia | ||
| 490 |
_aЧастна колекция - Академик Михаил Арнаудов _gДарение - Основен фонд |
||
| 655 | _aбългарска история | ||
| 852 | _aМА 2975 | ||
| 942 |
_cKNG _n0 |
||
| 944 |
_aCR _c1994 |
||
| 999 |
_c343247 _d343247 |
||